000 01229cam a2200337 a 4500
001 17260628
003 USPCAS-E
005 20180118181418.0
008 120418s2012 enka b 001 0 eng
010 _a 2012009827
020 _a9781848213562 (hardcover)
040 _aDLC
_cDLC
_dDLC
042 _apcc
050 0 0 _aTJ810
_b.S61815 2012
082 0 0 _a690.0286
_223
_bSOL 2012
245 0 0 _aSolar energy at urban scale /
_cedited by Benoit Beckers.
260 _aLondon :
_bISTE Ltd. ;
_aHoboken, NJ :
_bJohn Wiley & Sons,
_c2012.
300 _axviii, 363 p. :
_bill. ;
_c24 cm.
502 _a.
504 _aIncludes bibliographical references and index.
650 0 _aSolar energy.
650 0 _aUrban climatology.
650 0 _aEnvironmental engineering.
650 0 _aCity planning.
700 1 _aBeckers, Benoit,
_d1969-
856 4 2 _3Publisher description
_uhttp://www.loc.gov/catdir/enhancements/fy1210/2012009827-d.html
856 4 1 _3Table of contents only
_uhttp://www.loc.gov/catdir/enhancements/fy1402/2012009827-t.html
906 _a7
_bcbc
_corignew
_d1
_eecip
_f20
_gy-gencatlg
942 _2ddc
_cBK
999 _c355933
_d355933